000 00864nam a2200253Ia 4500
003 OSt
005 20220923225524.0
006 a|||||r|||| 00| 0
007 ta
008 220922b |||||||| |||| 00| 0 urd d
024 _a270,364
037 _cTextual
040 _aARTS
_cARTS
_burd
041 _2urd
_aurd
082 _aO168,1L97:g, 152N3
100 _aशर्मा, पाण्डेय बेचैन, उग्र
_9168680
245 0 _aग़ालिब उग्र
246 _aग़ālib ugra
250 _aसंस्क 2
260 _aनई दिल्ली
_b रंजीत पब्लिशर्स
_c1993
650 _aउर्दू साहित्य
942 _hO168,1L97:g, 152N3
_cTEXL
_2CC
999 _c378821
_d378821